000 00317nam a22001337a 4500
008 181221b xxu||||| |||| 00| 0 eng d
020 _a00308996770
041 _aeng
080 _23 TH
_a311
100 _a55
101 _aSTA
245 _aIndroctory StatisticsFor Behavior Sciences
_cYoung.v
942 _2udc
_cBK
999 _c53630
_d53630